| 000 | 03143cam a22006854i 4500 | ||
|---|---|---|---|
| 001 | u19543 | ||
| 003 | PE-LiUPU | ||
| 005 | 20250731180105.0 | ||
| 008 | 150617s1990 mx a rb 001 0 spa d | ||
| 020 | _a9681809823 | ||
| 020 | _a9681852176 | ||
| 035 | _a(Sirsi) i9789681809829 | ||
| 040 |
_aPE-LiUPU _bspa _cPE-LiUPU _erda |
||
| 041 | 1 |
_aspa _heng |
|
| 049 | _aPRUA | ||
| 082 | 0 | 4 |
_a547 _bS689q _223 |
| 100 | 1 |
_aSolomons, T. W. Graham, _eautor. |
|
| 245 | 1 | 0 |
_aQuímica orgánica / _cT.W. Graham Solomons. |
| 264 | 1 |
_aMéxico : _bLimusa, _c[1990]. |
|
| 300 |
_a1125 páginas : _bilustraciones ; _c26 centímetros. |
||
| 336 |
_atext _2rdacontent |
||
| 337 |
_aunmediated _2rdamedia |
||
| 338 |
_avolume _2rdacarrier |
||
| 504 | _aBibliografía : páginas 1063-1066. | ||
| 504 | _aÍndice : páginas 1075-1125. | ||
| 505 | 0 | _aEstudio de los compuestos del carbono -- Grupos funcionales y familias de compuestos orgánicos.: Tipos principales de reacciones -- Alcanos y cicloalcanos. Sus estructuras, propiedades y síntesis -- Reactividad química: Reacciones de alcanos y cicloalcanos -- Alquenos: Estructura y síntesis -- Acciones de los alquenos: reacciones de adición del doble enlace carbono-carbono -- Estereoquímica -- Temas especiales I -- Alquinos -- Sistemas conjugados insaturados espectroscopia en el visible ultravioleta -- Temas especiales II -- Compuestos aromáticos I: El fenómeno de la aromaticidad -- Compuestos aromáticos II: Reacciones de los compuestos aromáticos con electrófilos -- Métodos físicos para la determinación de estructuras. Espectroscopia de resonancia magnética nuclear. | |
| 526 | _aSEG44 | ||
| 526 | _aSEG26 | ||
| 526 | _aP159 | ||
| 526 | _aP155 | ||
| 526 | _aP154 | ||
| 526 | _aP153 | ||
| 526 | _aP150 | ||
| 526 | _aP100 | ||
| 526 | _aP31 | ||
| 526 | _aP30 | ||
| 526 | _aP26 | ||
| 526 | _aP25 | ||
| 526 | _aP24 | ||
| 526 | _aP22 | ||
| 526 | _aP15 | ||
| 526 | _aP10 | ||
| 534 |
_pTítulo original : _tOrganic chemistry. |
||
| 650 | 1 | 4 |
_aQuímica orgánica _xAnálisis _vmétodos. |
| 650 | 2 | 4 |
_aQuímica orgánica _xReacciones. |
| 700 | 1 |
_aSheffrin, Steven M., _eautor. |
|
| 910 | _ajck | ||
| 942 |
_2ddc _cBK _n0 |
||
| 949 |
_a547 S689q _wDEWEY _c1 _iFJ05720 _d2017-5-8 _e2017-5-8 _f2017-12-28 _g1 _lCCODEBUJ1 _mBUJ _n2 _p25.00 _r0 _sY _tBOOK _u2017-1-19 _xINGENIERIA _0COMPRA _o.STAFF. Colección General Juliaca |
||
| 949 |
_a547 S689q _wDEWEY _c2 _iFJ05721 _d2017-5-9 _e2017-5-8 _f2017-12-28 _g1 _lCCODEBUJ1 _mBUJ _n1 _p25.00 _r0 _sY _tBOOK _u2017-1-19 _xINGENIERIA _0COMPRA _o.STAFF. Colección General Juliaca |
||
| 949 |
_a547 S689q _wDEWEY _c3 _iFJ05722 _d2018-4-23 _e2017-4-24 _f2017-12-28 _g1 _lCCODEBUJ1 _mBUJ _n1 _p25.00 _q2 _r0 _sY _tBOOK _u2017-1-19 _xINGENIERIA _0COMPRA _o.STAFF. Colección General Juliaca |
||
| 980 |
_81 _gALBERTO SANCHEZ Responsable de Automatización |
||
| 999 |
_c19357 _d19357 |
||